| 000 | 01570nam a22003730a 4500 | ||
|---|---|---|---|
| 001 | PT7679 | ||
| 003 | AR-LpoUNG | ||
| 005 | 20210131232216.0 | ||
| 008 | 191001s2004||||ag |||||||||||||||||spa d | ||
| 020 |
_a9507864369 _c$4.60 |
||
| 040 |
_aAR-LpoUNG _bspa _cAR-LpoUNG _eaacr |
||
| 041 | _aspa | ||
| 044 | _aag | ||
| 082 | 0 | _a982.024 473est | |
| 100 | 1 | _aMayo, Carlos A. | |
| 245 | 1 | 0 |
_aEstancia y sociedad en la Pampa : _b(1740 - 1820) |
| 250 | _a2da. ed. | ||
| 260 |
_aBuenos Aires : _bBiblos, _c2004. |
||
| 300 |
_a248 p. : _btbls. |
||
| 520 | _a<p>Estudia, indaga y analiza la historia social de los campos porteños durante la tardía colonia, en el proceso de formación de la sociedad y la economía ganadera de Buenos Aires. Se trata del período en el que, agotada la etapa de la vaquería, se consolida la estancia colonial porteña; en esos ochenta años que median entre 1740 y 1820 se hizo y se rehizo ese mundo rural. La década de 1820 ya marca un nuevo período en la historia pecuaria de la nueva provincia de Buenos Aires, sus hacendados emergen de la penumbra y se proyectan, como la entera ganadería porteña, hacia un papel protagónico.</p> | ||
| 650 | 4 | _aAMBIENTE RURAL | |
| 650 | 4 | _aANALISIS SOCIOLOGICO | |
| 650 | 4 | _aARGENTINA | |
| 650 | 4 | _aDATOS ESTADISTICOS | |
| 650 | 4 | _aDESARROLLO RURAL | |
| 650 | 4 | _aHISTORIA SOCIAL | |
| 650 | 4 | _aSECTOR AGROPECUARIO | |
| 650 | 4 | _aSOCIEDAD | |
| 650 | 4 | _aSOCIOLOGIA RURAL | |
| 651 | 4 | _aArgentina | |
| 700 | 1 |
_aHalperín Donghi, Tulio _epról. |
|
| 905 | _a7679 | ||
| 942 | _cLSALA | ||
| 999 |
_c14357 _d14357 |
||